000 00665nam a2200157 4500
999 _c16398
_d16398
008 220207b ||||| |||| 00| 0 eng d
022 _a0893-8989
082 _aDPer 363.205 P75 Sept 2013-May 2016 v. 37 & 40, n. 9-11/1-5
100 _aGriffith, David.
_943867
245 _a12 things you need to know about rifle optics:
_bsome basic information is essential to selecting the right optical sight for your operations/
_cDavid Griffith.
260 _aCalifornia:
_bBobit Business Media,
_c©Sept 2013-May 2016.
300 _av40 n1, pages 20-24;
_billustrations:
_c27 cm.
500 _aPolice: the law enforcement.
650 _aFirearms.
_943868
942 _2ddc
_cPER